Biotechnology (Record no. 169308)
[ view plain ]
| 000 -LEADER | |
|---|---|
| fixed length control field | 00381nam a2200157Ia 4500 |
| 008 - FIXED-LENGTH DATA ELEMENTS--GENERAL INFORMATION | |
| fixed length control field | 231217s9999 xx 000 0 und d |
| 041 ## - LANGUAGE CODE | |
| Language code of text/sound track or separate title | English |
| 082 ## - DEWEY DECIMAL CLASSIFICATION NUMBER | |
| Classification number | 620.8 SIN;2 R1 |
| 100 ## - MAIN ENTRY--PERSONAL NAME | |
| Personal name | Singh, B D |
| 245 #0 - TITLE STATEMENT | |
| Title | Biotechnology |
| 260 ## - PUBLICATION, DISTRIBUTION, ETC. | |
| Date of publication, distribution, etc. | 1998 |
| Name of publisher, distributor, etc. | Ludhiana : Kalyani Publishers, |
| 300 ## - PHYSICAL DESCRIPTION | |
| Extent | xxxiv+576 |
| 500 ## - GENERAL NOTE | |
| General note | 2012 Missing |
| 650 ## - SUBJECT ADDED ENTRY--TOPICAL TERM | |
| Topical term or geographic name entry element | Biotechnology |
| 942 ## - ADDED ENTRY ELEMENTS (KOHA) | |
| Koha item type | Books |
| Date last seen | Total checkouts | Full call number | Accession number | Cost, total (INR) price | Price effective from | Category | Lost status | Damaged status | Department | Withdrawn status | Home library | Current library | Entry date | Vendor | Cost, normal purchase price | Grants | Billnumber | Billdate | Currency symbol | Conversion rate | Discount | Old discount |
|---|---|---|---|---|---|---|---|---|---|---|---|---|---|---|---|---|---|---|---|---|---|---|
| 26/01/2024 | 620.8 SIN;2 R1 | 22526 | 157.25 | 26/01/2024 | Books | Central Library | Central Library | Central Library | 08/09/2003 | Sapna Book House | 185.00 | BT | 18202 | 14/02/2005 | RS | 1 | 27.75 | 15 | ||||
| 26/01/2024 | 620.8 SIN;3 | 22527 | 157.25 | 26/01/2024 | Books | Central Library | Central Library | Central Library | 08/09/2003 | Sapna Book House | 185.00 | BT | 18202 | 14/02/2005 | RS | 1 | 27.75 | 15 |
